|
|
|
|
| LEADER |
00000cam a2200000 a 4500 |
| 001 |
vtls008324694 |
| 003 |
SK-MaSNL |
| 005 |
20260301123054.0 |
| 008 |
180814s1974 xo 000 0 slo |
| 015 |
|
|
|a SNBA1975/03-00822
|
| 035 |
|
|
|a SK01SNK19750016911
|
| 035 |
|
|
|a SKM000019374
|
| 040 |
|
|
|a SNK
|b slo
|c SNK
|e AACR2
|
| 041 |
0 |
|
|a slo
|
| 044 |
|
|
|a xo
|c SK
|
| 080 |
|
|
|a 656.3:331.2
|2 1981
|
| 245 |
0 |
0 |
|a Výnos federálneho ministerstva dopravy číslo 19210/1974-03 zo dňa 19. júla 1974 o odmeňovaní technickohospodárskych pracovníkov v organizáciách v pôsobnosti federálneho ministerstva dopravy
|
| 260 |
|
|
|a Bratislava
|b Federálne ministerstvo dopravy
|c 1974
|
| 300 |
|
|
|a 239, [1] s.
|b tab.
|c 4°
|
| 563 |
|
|
|a Pre vnútornú potrebu ČSD
|
| 650 |
0 |
7 |
|a železničná doprava
|2 SNKPH
|9 3185
|
| 650 |
0 |
7 |
|a úradníci
|2 SNKPH
|9 31682
|
| 650 |
0 |
7 |
|a odmeňovanie
|2 SNKPH
|9 2329
|
| 650 |
0 |
7 |
|a výnosy
|2 SNKPH
|9 13504
|
| 958 |
|
|
|a OND
|
| 958 |
|
|
|a RM
|
| 958 |
|
|
|a RK
|
| 999 |
|
|
|c 735005
|d 736935
|
| 952 |
|
|
|a SNK
|b SNK
|y VYP
|7 0
|p 17A1022509
|o snkSB 21987 D1
|i snkKSP 3040/75
|0 0
|1 0
|4 0
|d 2013-07-03
|l 0
|r 2026-02-23 22:41:47
|w 2026-02-23
|
| 952 |
|
|
|a SNK
|b SNK
|y PREZ
|7 0
|p 17A0920565
|o snkSB 21987
|i snkKSP 3039/75
|0 0
|1 0
|4 0
|d 2014-06-04
|f 1
|l 0
|r 2025-03-26 00:00:00
|w 2026-02-23
|